[Event "71st RUS-ch Superfinal Women 2021"]
[Site "Ufa"]
[Date "2021.10.20"]
[Round "11.1"]
[White "Bivol, Alina"]
[Black "Ovod, Evgenija"]
[Result "1/2-1/2"]
[WhiteElo "2392"]
[BlackElo "2331"]
[Annotator "TA"]
[PlyCount "76"]
[EventDate "2021.10.09"]
[EventType "tourn"]
[EventCountry "RUS"]
[SourceTitle "playchess.com"]
[Source "ChessBase"]
[SourceQuality "1"]

{[%evp 11,76,-14,-4,-10,7,0,0,-12,0,0,13,13,21,4,60,66,72,66,83,64,71,74,81,84,76,34,32,37,52,0,-8,0,0,-9,0,-13,-17,-46,0,0,0,0,0,-75,-39,-28,0,0,0,-15,0,0,0,0,7,0,0,0,75,0,33,0,0,0,37,0,0]} 1. e4 e5 2. f4 exf4 3. Nf3 d5 4. exd5 Nf6 5. Bb5+ c6 6. dxc6 Nxc6 7. Nc3 {C36: King's Gambit Accepted: 3 Nf3 d5.} Bd6 8. Qe2+ Be6 9. Nd4 O-O 10. Nxe6 fxe6 11. Bxc6 bxc6 12. b3 {[#]} Kh8 $146 (12... Nd5 $11) ({Predecessor:} 12... Nd5 13. Bb2 Qh4+ 14. g3 Qh3 15. O-O-O f3 16. Qf1 Qf5 17. Qc4 Rab8 18. Rhf1 f2 19. Qe4 Nxc3 20. Qxf5 Ne2+ {0-1 (20) Reprintsev,A (2353)-Shapkin,A (2283) Chess.com INT 2020}) 13. Bb2 $14 Qe7 14. O-O-O Ba3 15. Rhe1 Rae8 16. Qc4 Ng4 17. Re2 ({Much worse is} 17. Qxc6 Nf2 $15) 17... Nxh2 18. Rh1 f3 19. gxf3 Nxf3 20. Qa4 ({Better is} 20. Qe4 $14 Rf5 21. Rg2) 20... Bxb2+ $11 21. Kxb2 h6 22. Qe4 e5 23. Rg2 Rf6 24. Rh3 Qf7 25. Qe3 {[#] Hoping for Ne4.} Rf8 26. Rgg3 Rf4 27. Ne2 (27. d3 $11) 27... Rf5 28. Rg4 Rh5 29. Rxh5 Qxh5 30. Ra4 Qg6 31. Rxa7 h5 32. Qc5 Rf6 33. Ra8+ Kh7 34. Qc4 h4 {[#]} (34... Rf7 $11 {keeps the balance.}) 35. Qg8+ $1 $16 Kh6 36. Qc4 Kh7 37. Qg8+ Kh6 38. Qc4 {Strongly threatening Rh8+.} Kh7 $1 {Weighted Error Value: White=0.12/Black=0.16} 1/2-1/2

[Event "71st RUS-ch Superfinal Women 2021"]
[Site "Ufa"]
[Date "2021.10.20"]
[Round "11.2"]
[White "Pogonina, Natalija"]
[Black "Garifullina, Leya"]
[Result "1/2-1/2"]
[WhiteElo "2467"]
[BlackElo "2409"]
[Annotator "TA"]
[PlyCount "89"]
[EventDate "2021.10.09"]
[EventType "tourn"]
[EventCountry "RUS"]
[SourceTitle "playchess.com"]
[Source "ChessBase"]
[SourceQuality "1"]

{[%evp 13,89,10,19,29,26,27,19,34,16,13,57,52,87,72,68,73,68,43,51,23,46,46,48,30,31,0,0,0,0,0,0,0,0,-5,0,-13,23,24,30,27,143,142,165,48,52,47,58,45,81,78,107,101,82,0,0,0,0,0,0,0,0,0,0,0,0,0,0,0,0,0,0,0,0,0,0,0,0,0]} 1. Nf3 d5 2. g3 Nf6 3. Bg2 e6 4. c4 Be7 5. d4 O-O 6. Nc3 dxc4 7. Ne5 Nc6 8. Bxc6 {E06: Closed Catalan: Early deviations.} bxc6 9. Nxc6 Qe8 10. Nxe7+ Qxe7 11. Qa4 Bb7 12. O-O Bd5 13. Bg5 {Threatens to win with e4!} Qd7 {[#]} 14. Qxd7 $146 ({Predecessor:} 14. Qc2 Ne8 15. Rad1 Nd6 16. f3 Rab8 17. Bf4 Rb4 18. e4 Bc6 19. Qf2 Rfb8 20. Rd2 {½-½ (58) Idani,P (2580)-Moosavian,S (2329) Sari 2017}) 14... Nxd7 15. e4 Bb7 16. Rad1 Nb6 17. Rfe1 Rac8 18. a4 a5 19. Be7 Rfe8 20. Bc5 Nd7 21. Ba3 Nb6 22. Bc5 Nd7 23. Ba7 Ra8 24. Nb5 {[%cal Rb5c7]} Rec8 25. d5 $36 {[%mdl 2048] White fights for an advantage.} Ne5 {...Nf3+ is the strong threat.} 26. Re3 c6 (26... h6 $11) 27. Nd6 $1 $16 {[%csl LRb7,LRc8][%cal Rd6c8]} Rc7 ({Wrong is} 27... Rxa7 $2 28. dxe6 fxe6 29. Nxc8) 28. Nxb7 (28. dxe6 $18 fxe6 29. Bd4) 28... Rxb7 $14 29. Bd4 Nd3 30. dxc6 Rb3 31. Bc3 $1 {And now Rexd3 would win.} Rb6 32. c7 Rc6 {[#]} 33. Bxa5 Rxa5 $11 {The position is equal.} 34. Rexd3 cxd3 35. Rxd3 {[%cal Rd3d8]} g5 36. Rd8+ Kg7 37. c8=Q Rxc8 38. Rxc8 {Black must now prevent b3.} Rxa4 {[%mdl 4096] Endgame KR-KR} 39. f3 Rb4 40. Rc2 Kf6 41. Kg2 Ke5 42. Kh3 h5 43. Rc5+ Kf6 44. Rc2 Ke5 45. Rc5+ {Weighted Error Value: White=0.11/Black=0.14} 1/2-1/2

[Event "71st RUS-ch Superfinal Women 2021"]
[Site "Ufa"]
[Date "2021.10.20"]
[Round "11.3"]
[White "Voit, Daria"]
[Black "Kashlinskaya, Alina"]
[Result "1/2-1/2"]
[WhiteElo "2357"]
[BlackElo "2493"]
[Annotator "TA"]
[PlyCount "106"]
[EventDate "2021.10.09"]
[EventType "tourn"]
[EventCountry "RUS"]
[SourceTitle "playchess.com"]
[Source "ChessBase"]
[SourceQuality "1"]

{[%evp 17,106,24,33,6,6,2,26,14,6,-10,-13,-12,-16,-5,7,0,29,25,36,41,36,35,56,41,38,23,21,14,14,21,19,11,22,0,76,-84,-85,-81,-75,-54,37,-34,107,101,96,103,98,83,91,0,0,0,0,0,0,0,0,0,0,0,0,0,393,216,212,209,198,191,148,82,88,48,42,47,39,6,8,8,8,8,9,0,0,0,0,0,186,0,0,0,0]} 1. Nf3 d5 2. g3 c6 3. Bg2 Bg4 4. d3 Nd7 5. O-O Ngf6 6. Nbd2 e5 7. h3 Bh5 8. e4 dxe4 9. dxe4 Bc5 10. Qe2 {A07: Réti Opening: New York and Capablanca Systems.} O-O 11. Nb3 Bb6 12. Be3 {White has an edge.} Re8 13. Rad1 Qc7 14. Rfe1 {[#]} Bxe3 $146 ({Predecessor:} 14... Rad8 15. a4 a5 16. c3 Nxe4 17. Bxb6 Qxb6 18. Qxe4 Qxb3 19. Rxd7 Rxd7 20. Qf5 Rd1 21. Qxh5 {1-0 (38) Drljevic,L (2233)-Mladenovic,J (2130) Belgrade 2010}) 15. Qxe3 c5 16. Nbd2 {[%cal Bb3d2,Bd2b1,Bb1c3][%mdl 32]} c4 17. Nb1 Nc5 18. Nc3 Bxf3 19. Bxf3 Rad8 20. Be2 Ne6 $1 21. Rxd8 Rxd8 22. Qxa7 Nd4 23. Qa4 Qc5 24. Bd1 h5 25. a3 h4 (25... Qc8 $11 {remains equal.} 26. Nd5 Nxd5 27. exd5 h4) 26. g4 $2 (26. gxh4 $16 {and life is bright.} Ne6 27. Qb5) 26... Ne6 {[%mdl 1024] Black has strong compensation.} 27. Re3 Nf4 28. Be2 Rc8 (28... Rd2 $15 29. g5 Nd7) 29. Qb5 (29. g5 $14 Nh7 30. Qd7) 29... Qc7 (29... Qxb5 $15 {keeps the upper hand.} 30. Nxb5 Rd8) 30. Bf1 Ne6 {[%cal Bf4e6,Be6d4,Bd4c2][%mdl 32]} 31. Nd5 Nxd5 32. exd5 ({Don't play} 32. Qxd5 $6 Nf4 $11) 32... Nd4 {[%mdl 64] [#] Double Attack} 33. d6 $1 Qxd6 $11 34. Qxb7 Rb8 35. Qe4 Rxb2 36. c3 $36 {[%mdl 2048] Black is under pressure.} Qf6 37. f3 Nc2 38. Re2 Qb6+ $1 39. Kh1 Qb3 {[%mdl 8192]} (39... Nxa3 $11 {and Black has nothing to worry.} 40. Rxb2 (40. Qa8+ Kh7 $11) 40... Qxb2 41. Qxe5 Qc1) 40. Qa8+ (40. Rd2 $142 {[%cal Rd2d8]} Nd4 41. Rxb2 Qxb2 42. cxd4) 40... Kh7 $18 41. Rxe5 {Rh5+ would kill now.} Qb7 42. Qxb7 Rxb7 {[#]} 43. Bxc4 ({White should play} 43. a4 $1) 43... Nxa3 {[%mdl 4096] Endgame KRB-KRN} 44. Bd3+ g6 45. c4 Rb3 46. Rd5 (46. Be2 {is more complex.} Rc3 47. Kg1 Nc2 48. Rd5 Kg7 49. Kf2) 46... Rc3 47. c5 Nc2 {...Nb4 is the strong threat.} 48. Be4 Ne3 $1 {[%cal Re3d5]} 49. Rd7 (49. Rd4 {with more complications.} Rxc5 50. Kg1 Kh6 51. Kf2 Rc3 52. Bd3) 49... Rxc5 50. Rxf7+ Kg8 $1 {[%cal Rg8f7]} 51. Bxg6 {Black must now prevent Rh7.} Rc1+ 52. Kh2 {aiming for Rh7.} Rf1 $1 53. g5 Rf2+ {Weighted Error Value: White=0.26/Black=0.30} 1/2-1/2

[Event "71st RUS-ch Superfinal Women 2021"]
[Site "Ufa"]
[Date "2021.10.20"]
[Round "11.5"]
[White "Bodnaruk, Anastasia"]
[Black "Girya, Olga"]
[Result "1/2-1/2"]
[WhiteElo "2415"]
[BlackElo "2410"]
[Annotator "TA"]
[PlyCount "141"]
[EventDate "2021.10.09"]
[EventType "tourn"]
[EventCountry "RUS"]
[SourceTitle "playchess.com"]
[Source "ChessBase"]
[SourceQuality "1"]

{[%evp 13,141,14,10,1,28,0,0,0,0,0,-4,-3,18,-6,-7,-7,-19,-17,-14,-69,-53,-74,-30,-45,-35,-48,-47,-81,8,0,33,-87,-74,-61,-115,-116,65,-44,-43,-31,-26,-29,24,-57,-52,-36,-3,-3,-1,-7,0,-22,7,-10,0,0,0,0,7,-8,0,0,0,-8,-8,-10,0,0,0,0,0,0,0,0,0,0,0,0,7,7,7,7,7,7,7,7,7,7,7,7,7,7,7,7,7,7,7,7,7,7,7,7,7,7,7,7,7,7,8,8,8,8,8,8,8,8,8,8,8,0,8,8,8,8,8,0,0,0,0,0]} 1. e4 e5 2. Nf3 Nc6 3. Bc4 Bc5 4. d3 Nf6 5. Bg5 h6 6. Bh4 d6 7. c3 {seems to push 7.h3 aside.} a6 8. a4 {C54: Giuoco Piano: 4 c3 Nf6, main lines with 5 d4 and 5 d3.} Ba7 9. Nbd2 Qe7 10. O-O g5 11. Bg3 Nd7 12. b4 Nf8 13. d4 Ng6 14. b5 Na5 {aiming for ...g4.} 15. h3 h5 {[#]} 16. Re1 $146 (16. Be2 $11) ({Predecessor:} 16. Bd5 Bb6 17. Qb1 g4 18. hxg4 hxg4 19. Nh2 Qg5 20. Qd3 Nf4 21. Qe3 Qh6 22. Rfe1 {½-½ (72) Firouzja,A (2759)-So,W (2770) Paris 2021}) 16... g4 $15 (16... h4 $5 17. Bh2 $8 g4 18. hxg4 Bxg4 $15) 17. hxg4 hxg4 (17... h4 {keeps more tension.} 18. Bh2 Bxg4 19. Be2 h3 20. g3 Qf6) 18. Nh2 exd4 19. cxd4 Bxd4 20. bxa6 Be5 (20... Bxa1 $17 21. Qxa1 f6 22. axb7 Nxb7) 21. axb7 $11 Bxb7 {[#] Strongly threatening ...Qg5.} 22. Bb5+ (22. Rc1 $14 {stays ahead.}) 22... c6 $17 23. Be2 Bxg3 $1 ({Of course not} 23... Bxa1 $6 24. Qxa1 Bc8 25. Qg7 $14) 24. fxg3 {[#]} Qe5 $2 (24... Bc8 $1 $17 25. Bxg4 Ne5 26. Bxc8 Qa7+ 27. Kh1 Rxc8) 25. Ndf1 (25. Nxg4 $14 Qc5+ 26. Nf2) 25... Qc5+ $15 26. Kh1 Ne5 27. Rc1 Qa3 ({Black should play} 27... Nac4) 28. Bxg4 (28. Kg1 $11) 28... Nac4 {Threatens to win with ...Nd3.} 29. Rb1 Bc8 30. Bxc8 {The position is equal.} Rxc8 31. Qd4 Qxa4 32. Kg1 Qa5 (32... c5 {is more complex.} 33. Qc3 Ke7 34. Nf3 Rb8 35. Nh4 Qa2) 33. Rec1 Qc5 34. Qxc5 dxc5 35. Nf3 Ke7 36. Rb7+ Kf6 37. Nxe5 Nxe5 38. Ne3 Rb8 39. Rc7 Rb4 40. Rf1+ ({Wrong is} 40. Rxc5 $2 Rb1+ 41. Kf2 (41. Nf1 $2 Rh1+ 42. Kf2 Rbxf1+ $19) 41... Nd3+ 42. Ke2 Nxc5 $19) 40... Kg6 41. Nf5 Rxe4 42. Ne7+ Kg5 43. Nxc6 Re8 44. Nxe5 R4xe5 45. Rcxf7 $11 {[%mdl 4096] Endgame KRR-KRR} Re1 46. R7f5+ Kg4 47. Rxc5 Rxf1+ 48. Kxf1 Kxg3 {KR-KR} 49. Rg5+ (49. Rb5 {feels hotter.} Rf8+ 50. Kg1 Kf4 51. Ra5 Rb8 52. Rc5) 49... Kf4 50. Rg7 Ra8 (50... Re6 {is interesting.} 51. Kf2 Rf6 52. Rd7 Kg4+ 53. Kg1 Ra6) 51. Kg1 Rb8 52. Rh7 Kg3 {[%cal Rb8b1]} 53. Rh3+ Kg4 54. Kh2 Rc8 55. Rh7 Rc2 (55... Rg8 {looks sharper.} 56. Kg1 Rg5 57. Rh6 Rc5 58. Rg6+ Rg5) 56. Rg7+ Kh4 57. Rd7 Ra2 58. Rd4+ Kg5 59. Kh3 Ra3+ 60. g3 Rb3 61. Rd5+ Kg6 62. Kh4 $1 Rb4+ 63. g4 Rb6 64. Rd8 Ra6 65. Rg8+ Kh7 66. Rg5 Kh6 67. Rd5 Kg6 68. Rd4 Rb6 69. g5 Ra6 70. Kg4 Rb6 71. Rf4 {Weighted Error Value: White=0.15/Black=0.16} 1/2-1/2

[Event "71st RUS-ch Superfinal Women 2021"]
[Site "Ufa"]
[Date "2021.10.20"]
[Round "11.6"]
[White "Gunina, Valentina"]
[Black "Shuvalova, Polina"]
[Result "1/2-1/2"]
[WhiteElo "2462"]
[BlackElo "2509"]
[Annotator "TA"]
[PlyCount "74"]
[EventDate "2021.10.09"]
[EventType "tourn"]
[EventCountry "RUS"]
[SourceTitle "playchess.com"]
[Source "ChessBase"]
[SourceQuality "1"]

{[%evp 9,74,22,60,54,56,52,56,29,50,-56,-41,-45,-48,-142,-154,-154,-154,-158,-149,-138,-148,-162,-149,-145,-122,-136,-133,-158,-18,-18,-18,-19,0,0,0,0,0,0,0,-94,-89,-130,-141,-115,0,0,0,0,0,0,8,8,8,0,0,0,0,0,0,0,0,0,0,0,0,0,29998]} 1. d4 Nf6 2. c4 c5 3. d5 b5 4. cxb5 a6 5. bxa6 g6 6. Nc3 {A58: Benko/Volga Gambit: Lines with 5 bxa6.} Bg7 7. e4 {Hoping for a7.} O-O 8. Nf3 {White is slightly better.} Qa5 {With the idea ...Nxe4.} 9. Bd3 {[#]} (9. Nd2 $14) 9... Nxd5 $1 $15 10. exd5 {Threatens to win with 0-0.} Bxc3+ 11. bxc3 ({Better is} 11. Bd2 $15 Bxd2+ 12. Qxd2 Qxd2+ 13. Kxd2) 11... Qxc3+ $17 {[%mdl 64] Double Attack} 12. Qd2 Qxa1 13. O-O {aiming for Bb2.} Qg7 (13... Nxa6 14. Bb2 $16) 14. Re1 f6 {[#]} 15. h4 $146 ({Predecessor:} 15. d6 e6 16. Bb2 Bxa6 17. Be4 Ra7 18. Qa5 Nc6 19. Qxc5 Rb7 20. Bc3 Rb5 21. Qe3 {½-½ (28) Diaz Murgada,R (2455)-Dieguez Alvarez,M (2322) Holguin 2018}) 15... d6 16. h5 Nd7 17. hxg6 hxg6 18. Qc2 Ne5 (18... Bxa6 $6 19. Bxg6 Bc8 20. Re3 $11) (18... g5 $1 $17 {White must now prevent ...Nb6.} 19. Re3 Nb6 20. Nxg5 fxg5) 19. Nxe5 $11 fxe5 20. Bxg6 Rf6 (20... Bxa6 $2 21. Re3 $18) 21. Be4 Kf7 22. Re3 $1 {[%cal Re3g3] And now Rg3 would win.} Rf4 $1 (22... Rxa6 $2 23. Rg3 $18) 23. Rb3 Rg4 (23... Bxa6 $2 24. Bf5 $18) 24. Qe2 (24. g3 $11 {keeps the balance.}) 24... Rxa6 $17 25. Rb8 {[#]} Ra4 $1 {[%cal Ra4e4]} 26. f3 {[#]} Rgxe4 {[%mdl 512]} 27. fxe4 $11 {The position is equal.} Bg4 28. Qf1+ (28. Qb5 $2 Rxe4 29. Bg5 Kg6 $19) 28... Kg6 $1 29. Qe1 Kf7 $132 {[%mdl 2048] Black is fighting back} 30. Qh4 {White threatens Bh6 and mate.} Rxe4 {...Bf3 is the strong threat.} 31. Rb7 Ke8 32. Bg5 Bf3 $1 33. Qh3 Bg4 ({Inferior is} 33... Qxg5 34. Rb8+ Kf7 35. Qe6+ Kg7 36. Rg8+ Kh7 37. Qf7+ Kh6 38. Rh8#) 34. Qh4 Bf3 $1 35. Qh3 {White wants to mate with Rb8+.} Bg4 ({Worse is} 35... Qxg5 36. Rb8+ Kf7 37. Qe6+ Kg7 38. Rg8+ {[%mdl 64] Skewer} Kh7 39. Qf7+ {[%mdl 64] Double Attack} Kh6 40. Rh8#) 36. Qh4 Bf3 $1 37. Qh3 {Threatening mate with Rb8+.} Rf4 $2 {[%mdl 40960] White used his chance.  Weighted Error Value: White=0.16/Black=0.12. An unexpected result.} 1/2-1/2